[Event "Santa Fe Rafaela U2200 op"]
[Site "Santa Fe"]
[Date "2019.05.04"]
[Round "3.19"]
[White "Rodriguez, Lisandro"]
[Black "Britos, Lucas Martin"]
[Result "1-0"]
[WhiteElo "1608"]
[BlackElo "1361"]
[PlyCount "37"]
[EventDate "2019.05.04"]
[EventType "swiss"]
[EventRounds "6"]
[EventCountry "ARG"]
[SourceTitle "EXT 2024"]
[Source "ChessBase"]
[SourceDate "2023.10.10"]
[SourceVersion "1"]
[SourceVersionDate "2023.10.10"]
[SourceQuality "1"]

1. e4 e6 2. d4 d5 3. exd5 exd5 4. Bd3 Nc6 5. c3 Bd6 6. Ne2 Bg4 7. 0-0 Nge7 8. f3 Bf5 9. Bg5 f6 10. Bf4 Bxf4 11. Nxf4 Qd6 12. Bxf5 Nxf5 13. Re1+ Nce7 14. Ne6 h5 15. Na3 c6 16. Qd3 Kd7 17. Nc5+ Kc7 18. Re6 Qf4 19. Rxe7+ 1-0

[Event "Santa Fe Laguna Paiva op"]
[Site "Santa Fe"]
[Date "2019.03.09"]
[Round "2"]
[White "Vazquez, Sebastian"]
[Black "Rodriguez, Lisandro"]
[Result "1-0"]
[WhiteElo "1828"]
[BlackElo "1614"]
[PlyCount "115"]
[EventDate "2019.03.09"]
[EventType "swiss"]
[EventRounds "6"]
[EventCountry "ARG"]
[SourceTitle "CBM 189 Extra"]
[Source "ChessBase"]
[SourceDate "2019.06.03"]
[SourceVersion "1"]
[SourceVersionDate "2019.06.03"]
[SourceQuality "1"]

1. e4 c6 2. c4 d5 3. exd5 cxd5 4. cxd5 Qxd5 5. Nf3 Nc6 6. Nc3 Qa5 7. d4 e6 8. Bd2 Qd8 9. Bf4 Bd6 10. Ne5 Nge7 11. Qg4 0-0 12. Bd3 Bxe5 13. Qh3 Ng6 14. dxe5 Qd4 15. Bxg6 hxg6 16. Qg3 Qb4 17. 0-0 Nd4 18. Rfd1 Qxb2 19. Qe3 Qxc3 20. Qxd4 Qxd4 21. Rxd4 b6 22. Rc1 Ba6 23. Rc7 Rfd8 24. Rxd8+ Rxd8 25. f3 Rd1+ 26. Kf2 Ra1 27. Rc2 Bb7 28. Bc1 Kf8 29. Ba3+ Ke8 30. Bd6 Bd5 31. Rc8+ Kd7 32. Rc7+ Kd8 33. a3 Rxa3 34. Rxf7 Ra2+ 35. Kg3 Bc4 36. Rxg7 Bf1 37. Kf4 Rxg2 38. h4 Bd3 39. h5 g5+ 40. Rxg5 Rxg5 41. Kxg5 b5 42. Kf6 Bf5 43. Bb4 Kc7 44. h6 Kb6 45. h7 Bxh7 46. Kxe6 a6 47. Bd6 b4 48. Kd5 b3 49. Ba3 Kc7 50. e6 Bf5 51. f4 Kd8 52. Ke5 Bh3 53. f5 Bxf5 54. Kxf5 Ke8 55. Kf6 a5 56. Bb2 Kf8 57. e7+ Ke8 58. Ba3 1-0

[Event "Villa Constitucion op"]
[Site "Villa Constitucion"]
[Date "2018.08.31"]
[Round "1"]
[White "Rodriguez, Lisandro"]
[Black "Zapata Charles, Santiago"]
[Result "0-1"]
[WhiteElo "1633"]
[BlackElo "2340"]
[PlyCount "74"]
[EventDate "2018.08.31"]
[EventType "swiss"]
[EventRounds "6"]
[EventCountry "ARG"]
[SourceTitle "CBM 186 Extra"]
[Source "ChessBase"]
[SourceDate "2018.08.24"]
[SourceVersion "1"]
[SourceVersionDate "2018.08.24"]
[SourceQuality "1"]

1. e4 e6 2. d4 d5 3. exd5 exd5 4. Nf3 Nc6 5. Bb5 Bd6 6. Be3 Nge7 7. 0-0 Bg4 8. h3 Bh5 9. c3 0-0 10. Nbd2 Nf5 11. Qc2 Nxe3 12. fxe3 Bg6 13. Bd3 Bxd3 14. Qxd3 f5 15. Nh2 Qd7 16. a3 Ne7 17. c4 c6 18. Ndf3 Rae8 19. g4 dxc4 20. Qxc4+ Kh8 21. Ne5 Bxe5 22. dxe5 Nd5 23. Qd4 Qe6 24. gxf5 Rxf5 25. Rxf5 Qxf5 26. e4 Qf4 27. Rf1 Qg3+ 28. Kh1 Nf4 29. Rg1 Qxh3 30. e6 Nxe6 31. Qd7 Rd8 32. Qxb7 Qh4 33. Qxc6 Ng5 34. e5 Ne4 35. Qc7 Nf2+ 36. Kg2 Qh3+ 37. Kxf2 Rd2+ 0-1

[Event "Santa Fe Nelson op"]
[Site "Santa Fe"]
[Date "2018.04.15"]
[Round "6"]
[White "Rodriguez, Lisandro"]
[Black "Reburdo, Rodrigo Hernan"]
[Result "0-1"]
[WhiteElo "1653"]
[BlackElo "1465"]
[PlyCount "118"]
[EventDate "2018.04.14"]
[EventType "swiss"]
[EventRounds "6"]
[EventCountry "ARG"]
[SourceTitle "EXT 2019"]
[Source "ChessBase"]
[SourceDate "2018.10.10"]
[SourceVersion "1"]
[SourceVersionDate "2018.10.10"]
[SourceQuality "1"]

1. e4 c5 2. Nc3 d6 3. g3 Nf6 4. Bg2 e6 5. d3 Be7 6. Be3 a6 7. f4 Nc6 8. g4 d5 9. g5 d4 10. gxf6 Bxf6 11. Nce2 dxe3 12. e5 Bh4+ 13. Ng3 Nd4 14. c3 Nf5 15. N1e2 Qb6 16. Qc2 Bd7 17. 0-0-0 Bc6 18. Nxf5 exf5 19. Bxc6+ Qxc6 20. Rhg1 g6 21. Ng3 f6 22. Qg2 Qxg2 23. Rxg2 fxe5 24. fxe5 f4 25. Ne4 f3 26. Rg4 e2 27. Rxh4 exd1Q+ 28. Kxd1 0-0-0 29. Nf2 Rhe8 30. Rf4 Rxe5 31. Rxf3 Rde8 32. Ne4 Kb8 33. Rf7 c4 34. Ng3 cxd3 35. Rxh7 Rf8 36. Kd2 Rf2+ 37. Kxd3 Rxb2 38. a4 Ra2 39. Rg7 Rxh2 40. Rxg6 Rg2 41. Rg4 Re8 42. Kc4 Re3 43. Rg8+ Ka7 44. Nf5 Re4+ 45. Kd3 Rxg8 46. Kxe4 Rg4+ 47. Kd3 Rxa4 48. Kc2 b5 49. Kb3 Kb6 50. Ne3 Kc5 51. Nc2 a5 52. Ne1 Rh4 53. Nd3+ Kd5 54. Nb2 Rh3 55. Kc2 Rh2+ 56. Kc1 Rxb2 57. Kxb2 Kc4 58. Kc2 a4 59. Kb2 Kd3 0-1

[Event "Santa Fe Nelson op"]
[Site "Santa Fe"]
[Date "2018.04.14"]
[Round "2"]
[White "Rodriguez, Lisandro"]
[Black "Antoniazzi, Maximiliano"]
[Result "0-1"]
[WhiteElo "1653"]
[BlackElo "1924"]
[PlyCount "58"]
[EventDate "2018.04.14"]
[EventType "swiss"]
[EventRounds "6"]
[EventCountry "ARG"]
[SourceTitle "EXT 2019"]
[Source "ChessBase"]
[SourceDate "2018.10.10"]
[SourceVersion "1"]
[SourceVersionDate "2018.10.10"]
[SourceQuality "1"]

1. e4 d6 2. d4 Nf6 3. Bd3 g6 4. Nf3 Bg7 5. c3 Nc6 6. 0-0 0-0 7. Re1 e5 8. d5 Ne7 9. Bg5 h6 10. Bxf6 Bxf6 11. h3 Bg7 12. Nh2 f5 13. f3 c6 14. Bc4 Kh7 15. Kh1 fxe4 16. fxe4 cxd5 17. exd5 Nf5 18. g4 Ng3+ 19. Kg2 Qb6 20. Qd2 e4 21. Kxg3 Be5+ 22. Kg2 Bxh2 23. Qe3 Qxb2+ 24. Nd2 Bf4 25. Qxe4 Qxd2+ 26. Re2 Qxc3 27. Bd3 Qg7 28. Rae1 Be5 29. Rc2 Bf5 0-1